Countries with Two Vowels - Statistics

General Stats
  • This quiz has been taken 645 times
    582 since last reset
  • The average score is 26 of 41
Answer Stats
Country % Correct
France
78%
China
77%
Japan
75%
Finland
73%
Chile
72%
Norway
72%
Oman
72%
Peru
72%
Sweden
72%
Togo
72%
Spain
71%
Benin
69%
Yemen
68%
Fiji
67%
Iran
67%
Iraq
67%
Mali
67%
Denmark
66%
Cuba
65%
Laos
65%
Poland
65%
Ghana
64%
Qatar
64%
Bhutan
63%
Jordan
63%
Italy
62%
Niger
62%
Tonga
62%
Gabon
60%
Brazil
59%
Libya
59%
Malta
59%
Nepal
59%
Kenya
57%
Sudan
57%
Syria
57%
Turkey
56%
Germany
55%
Rwanda
51%
Hungary
44%
Burma
39%
No matching quizzes found
Score Distribution
Percent of People with Each Score
Percentile by Number Answered
Your Score History
You have not taken this quiz since the last reset